| 000 | 00379nam a2200133Ia 4500 | ||
|---|---|---|---|
| 008 | 240624s9999 xx 000 0 und d | ||
| 041 | _aeng | ||
| 082 | _a658.4063 MAL | ||
| 100 | _aMALERBA FRANCO | ||
| 245 | _aINNOVATION AND THE EVOLUTION OF INDUSTRI | ||
| 260 |
_c2016 _aUnited Kingdom _bCambridge University Press |
||
| 300 | _axviii, : 274 : p. : cm. ; 22 | ||
| 365 |
_cBPS _b30 |
||
| 999 |
_c28659 _d28659 |
||